000 00581nam a2200157 4500
001 136206
003 ES-MaACL
005 20230906195047.0
007 t|
008 070214s1910 sp r ||||1| spa d
100 1 _aRuiz y Valarino, Trinitario.
_9100964
245 1 0 _aDiscurso leĆ­do por el Excmo. Sr. Don Trinitario Ruiz y Valarino, Ministro de Gracia y Justicia, en la solemne apertura de los tribunales, celebrada el 15 de septiembre de 1910.
260 _aMadrid :
_b[s. n.],
_c1910 (
_fEst. Tip. La Editora)
300 _a62 p. :
_bcuadros.
852 _aES-MaACL
_jT-1216-F-2
999 _c136206
_d136206